000 00705aas a2200241 4500
999 _c1345
_d1345
003 BR-BrBNA
005 20230317233139.0
007 ta
008 230119b bl ||||| |||| 00| 0 por d
022 _a0100-8072
035 _a000485-5
040 _aBR-BrBNA
_bPor
_cBR-BrBNA
042 _a019733-5
044 _abl
245 _aCadernos de Agricultura e Pecuária (Brazil)
260 _aMacapa-AP
_bAssociação de Assistência Técnica e Extensão Rural
_c1979. Data final de publicação em 1984
_eBAP
270 _aRua Prof. Cora de Carvalho, 120 - 68900-000
310 _airregular
505 _a1979-81 1-3(1-6); 1984 4(7);
650 1 2 _gAGRICULTURA
909 _a56
_bSergio Santos
_c56
_dSergio Santos
942 _cCR
_2AGRIS